Responses for Show #5775 - Friday, October 23, 2009

Contestants

[<< previous game]

Jaime Mahoney, a magazine editor from Gaithersburg, Maryland

Johnny Forrest, a patent agent from Washington, D.C.

Randie Kim, a medical student from Elk Grove, California (whose 1-day cash winnings total $23,201)

[next game >>]

Jeopardy! Round responses

INAUGURAL ADDRESSES
BASEBRAWL
CLOTHES MAKE THE MAN
THE (LEGAL) CHILDREN OF HENRY VIII
"F" TROOP
THE BODY HUMAN
(Kelly: From Sawbones, the company that makes some of the most realistic orthopedic models in the world.)
    $200 20
the Soviet Union

Johnny
    $200 7
the Dodgers

Randie
    $200 9
a cummerbund

Johnny
    $200 14
Edward VI

Jaime
    $200 2
fig leaves

Johnny
    $200 1
hunchback

Johnny
    $400 21
a surplus

Randie
    $400 25
(Leo) Durocher

Randie
    $400 10
a French cuff

Johnny
    $400 15
Elizabeth I

Jaime
    $400 3
Fantasia

Johnny
    $400 8
winter

Johnny
    $600 22
LBJ

Johnny
    $600 26
Pete Rose

Johnny
    $600 11
a wingtip

Johnny
    $600 16
Mary

Randie
    $600 4
fluent

Johnny
    $600 19
(Alex: Jaime, I know, you were afraid to say [*]. You wanted to ring in, but you were afraid to say [*].)
(Jaime: Yes.)

butterfly

Triple Stumper
    $1,600 23
(Johnny: Who is FDR?)

John Fitzgerald Kennedy

Johnny
    $800 27
manager

Johnny
    $800 12
a morning coat

Jaime
    $800 17
Edward VI

Jaime
    $800 5
(Jaime: What is Flag Day?)

Father's Day

JohnnyJaime
    $800 29
ligaments

Randie
    $1000 24
Nixon

Johnny
    $1000 28
(Alex: And they were featured in a movie--[*], Bull Durham.)

the Durham Bulls

Triple Stumper
    $1000 13
a cravat

Triple Stumper
    $1000 18
Elizabeth I

Jaime
    $1000 6
(Alex: [*] is right, and you got 'em all in the round. Nicely done.)
[Applause for Johnny's run of the category]

a filament

Johnny
    $1000 30
a tracheotomy

Jaime

Scores at the first commercial break (after clue 15):

Randie Johnny Jaime
$200 $4,800 $600

Scores at the end of the Jeopardy! Round:

Randie Johnny Jaime
$2,400 $6,400 $3,400

Double Jeopardy! Round responses

TOTAL DRAMA!
OSCAR WORTHY?
ART BOOKS
BIBLE QUOTES
SPEED UP!
CUT TO THE "CHASE"
    $400 20
Cyrano de Bergerac

Johnny
    $400 2
(Alex: Are all three of you too young to remember [*]? Gosh!)

folk music

Triple Stumper
    $400 1
Masters

Johnny
    $400 17
Daniel

Johnny
    $400 12
Aquaman

Johnny
    $400 7
a wild goose chase

Jaime
    $800 21
Doctor Faustus

Johnny
    $800 3
The Odd Couple

Johnny
    $800 18
Frida Kahlo

Jaime
    $800 19
the Queen of Sheba

Johnny
    $800 13
hypersonic

Johnny
    $800 8
the steeple chase

Johnny
    $1,200 22
(Johnny: What is Alice's Restaurant?)

Bus Stop

Johnny
    $1200 4
Ice Age

Jaime
    $1200 25
Still Life

Jaime
    $1200 26
Satan

Randie
    $1200 14
(Jamie: What is New Mexico?)

Nevada

RandieJaime
    $1200 9
an ambulance chaser

Johnny
    $1600 23
Our American Cousin

Randie
    $1600 5
The Office

Randie
    $1600 29
(Randie: What is the Eakins School?)

the Hudson River School

Randie
Triple Stumper
    $1600 27
Joshua

Randie
    $1600 15
jai-alai

Johnny
    $2,000 10
(Alex: [*], yes, in Maryland.)

Chevy Chase

Johnny
    $2000 24
A Man for All Seasons

Triple Stumper
    $2000 6
The Six Million Dollar Man

Johnny
    $2000 30
Leroy Neiman

Triple Stumper
    $2000 28
Elijah

Randie
    $2000 16
a particle accelerator

Jaime
    $2000 11
Salmon P. Chase

Johnny

Scores at the end of the Double Jeopardy! Round:

Randie Johnny Jaime
$10,000 $19,600 $7,800

[wagering suggestions for these scores]

Final Jeopardy! Round responses

COUNTRIES OF THE WORLD
JaimeWhat is Laos?
$2,800
RandieWhat is Singapore?
$10,000
JohnnyWhat is Singapore?
$401
Singapore

Final scores:

Randie Johnny Jaime
$20,000 $20,001 $5,000
2nd place: $2,000 New champion: $20,001 3rd place: $1,000

Game dynamics:

Coryat scores:

Randie Johnny Jaime
$10,000 $22,000 $7,800
11 R,
1 W
29 R
(including 1 DD),
2 W
(including 2 DDs)
11 R,
2 W

Combined Coryat: $39,800

[game clues] [game scores] [suggest correction]

Game tape date: 2009-09-23
The J! Archive is created by fans, for fans. Scraping, republication, monetization, and malicious use prohibited; this site may use cookies and collect identifying information. See terms. The Jeopardy! game show and all elements thereof, including but not limited to copyright and trademark thereto, are the property of Jeopardy Productions, Inc. and are protected under law. This website is not affiliated with, sponsored by, or operated by Jeopardy Productions, Inc. Join the discussion at JBoard.tv.